000 00231nam a22000857a 4500
008 160712b xxu||||| |||| 00| 0 eng d
100 _92644
_a Majumbar, N.N
245 _aSome Indian Birds
260 _aNew Delhi
_bNational Book Trust
_c2004
999 _c2297
_d2297